000 00952nam0a2200277 4500
001 RU\NLR\BIBL_A\010457652
005 20250614054447.0
035 _a(NLR Aleph) 010457652
090 _a9958737
_c9958737
100 _a20140903d1966 |||y0rusy50 ca
101 0 _asah
102 _aRU
105 _ay||||||||||||
200 1 _aТабаны уотуу
_fС. Г. Громов, П. С. Ребров
210 _aЯкутскай
_cСаха сиринээҕи кинигэ изд-вота
_d1966
215 _a19,[1] с.
_d19
225 1 _aБастыҥ опыт
541 1 _aНагул оленей
_zrus
606 1 _aОленеводство
_9997613
_3RU\NLR\AUTH\6660040
686 1 _aП63
700 1 _aГромов
_bС. Г.
_gСемён Гаврильевич
_4070
701 1 _aРебров
_bП. С.
_gПавел Семёнович
_4070
852 _aNLR
_bОНЛ
_jЯкут./2-1622
942 _cBOOK
980 _aNB